000 00209 a2200097 4500
001 1135
100 _aWakefiled,G.G
245 _aAircraft electrical engineering
260 _a
_bChapman
_c
090 _c697
_d697
942 _aNUST-CAE
_cM
_c33566
999 _c236208
_d236208